| 000 | 00640nam a22001817a 4500 | ||
|---|---|---|---|
| 999 |
_c15876 _d15876 |
||
| 008 | 210104b ||||| |||| 00| 0 eng d | ||
| 020 | _a978-1-60991-136-2 (hardback) | ||
| 082 |
_22015 _aDRef 031.02 _bR482 |
||
| 245 |
_aRipley's believe it or not! : _beye-popping oddities. |
||
| 260 |
_aOrlando, Florida : _bRipley Entertainment, Inc., _c [2015] |
||
| 300 |
_a253 pages : _bcolor illustrations ; _c31 cm. |
||
| 440 |
_aRipley's believe it or not! ; 12 _942700 |
||
| 500 | _aIncludes index. | ||
| 650 |
_aCuriosities and wonders. _942706 |
||
| 650 |
_aTrivia and miscellanea. _942704 |
||
| 365 |
_b160.00 _cPhp |
||
| 942 |
_2ddc _cDREF |
||